00585nam a2200133 a 450000100100000000500170001000800410002704000250006811000670009324000160016024501610017626000940033730000200043100003156820200930063024.0110627s1941 dr 000 0 spa d aDO-SdBNPbspacBNPHU1 aRepública DominicanabProcuraduria General de la República10aLeyes, etc.10aRelación de las leyes, decretos y resoluciones vigentes que rigen las rentas de la República Dominicana, conforme ley de presupuesto para el año 1941. aCiudad Trujillo, República Dominicana :bProcuraduria General de la República,c1941. a24 p. ;c21 cm.